Bulletin of the Association of Amer64ican Medical Colleges.

Bibliographic Details
New Title:Journal of the Association of American Medical Colleges
Corporate Author: Association of American Medical Colleges
Format: Journal
Language:English
Published: [Place of publication not identified] : The Association
Subjects:
Online Availability: Check for online availability

MARC

Tag First Indicator Second Indicator Subfields
LEADER 00000cas a2200000Ka 4500
001 in00004367641
005 20211018103106.0
006 m o d
007 cr un||||a|a||
008 111115d19261928dcuuu p o 0 0eng d
019 |a 243563898  |a 1194704729 
022 |a 0004-5616  |l 0004-5616 
035 |a (OCoLC)ocn761211912 
035 |a (OCoLC)761211912  |z (OCoLC)243563898  |z (OCoLC)1194704729 
040 |a OCLCE  |b eng  |c OCLCE  |d SFB  |d OCLCQ  |d OCLCF  |d OCLCO  |d OCLCQ  |d OCLCO  |d OCLCQ  |d UAB  |d OCLCA  |d OCLCQ  |d YOU  |d OCLCQ  |d OCLCO  |d OCLCA  |d EYM  |d UtOrBLW 
049 |a TXAM 
050 4 |a R15  |b .A9 Electronic 
060 4 |a W1  |b AS635T 
082 0 4 |a 610.70973  |b J865 
084 |a 610  |a 800  |2 zdbs 
245 0 0 |a Bulletin of the Association of Amer64ican Medical Colleges. 
264 1 |a [Place of publication not identified] :  |b The Association 
300 |a volumes ;  |c 26 cm 
336 |a text  |b txt  |2 rdacontent 
337 |a computer  |b c  |2 rdamedia 
338 |a online resource  |b cr  |2 rdacarrier 
362 1 |a Began with v. 1 in 1926 and ceased with v. 3 in 1928. 
506 |a Access restricted to authorized users and institutions. 
588 0 |a Vol. 2, no. 1 (Jan. 1927); title from cover. 
588 0 |a Print version record. 
500 |a Electronic resource. 
610 2 0 |a Association of American Medical Colleges  |v Periodicals. 
650 0 |a Medical education  |v Periodicals. 
650 0 |a Medicine  |v Periodicals.  |0 http://id.loc.gov/authorities/subjects/sh2008107665 
650 2 |a Education, Medical.  |0 (DNLM)D004501  |0 https://id.nlm.nih.gov/mesh/D004501 
650 2 |a Schools, Medical.  |0 (DNLM)D012577  |0 https://id.nlm.nih.gov/mesh/D012577 
655 2 |a Periodical.  |0 (DNLM)D020492  |0 https://id.nlm.nih.gov/mesh/D020492 
610 2 7 |a Association of American Medical Colleges.  |2 fast  |0 (OCoLC)fst00543656 
650 7 |a Medical education.  |2 fast  |0 (OCoLC)fst01014024 
650 7 |a Medicine.  |2 fast  |0 (OCoLC)fst01014893 
655 7 |a Periodicals.  |2 fast  |0 (OCoLC)fst01411641 
710 2 |a Association of American Medical Colleges.  |0 http://id.loc.gov/authorities/names/n80050092 
776 0 8 |i Print version:  |t Bulletin of the Association of American Medical Colleges (1926)  |x 2688-0482  |w (DLC) 2019238218  |w (OCoLC)1514567 
785 0 0 |t Journal of the Association of American Medical Colleges 
994 |a C0  |b TXA 
999 f f |s d5944d30-b4c2-3f52-8da6-2f4b889028e6  |i f45a67d6-9a0f-3d06-a287-8653e5f85028  |t 0 
952 f f |a Texas A&M University  |b College Station  |c Electronic Resources  |d Available Online  |t 0  |e R15 .A9  |g Electronic  |h Library of Congress classification 
998 f f |a R15 .A9  |t 0  |l Available Online